[Event "Let's Go "]
[Site "SchemingMind.com"]
[Date "2010.09.01"]
[Round "-"]
[White "PeterLiberty"]
[Black "lemme howdt"]
[Result "1-0"]
[WhiteCountry "USA"]
[BlackCountry "USA"]
[WhiteElo "1508"]
[WhiteRD "57"]
[BlackElo "1666"]
[BlackRD "91"]
[GameID "259055"]

1. e4 e5 2. Nf3 Nc6 3. Bb5 Nf6 4. O-O Nxe4 5. d4 Qf6 6. Re1 Nd6 7. dxe5 Nxe5 8. Rxe5+ Be7 9. Bg5 Qxe5 10. Nxe5 Bxg5
11. Nc3 Bf6 12. Qe2 c6 13. Bd3 O-O 14. Ng4 Bxc3 15. bxc3 Re8 16. Qd2 b5 17. a4 Bb7 18. Ne3 a6 19. c4 Nxc4 20. Nxc4 bxc4
21. Bxc4 d5 22. Bb3 h6 23. Re1 g5 24. Rxe8+ Rxe8 25. f3 f6 26. c4 Re5 27. cxd5 cxd5 28. a5 Kg7 29. Kf2 h5 30. g3 Bc6
31. f4 gxf4 32. gxf4 Re7 33. Qd4 Kg6 34. Bxd5 Bxd5 35. Qxd5 Rf7 36. Qe4+ f5 37. Qe6+ Rf6 38. Qg8+
1-0

[Event "Let's Go "]
[Site "SchemingMind.com"]
[Date "2010.09.01"]
[Round "-"]
[White "lemme howdt"]
[Black "PeterLiberty"]
[Result "1-0"]
[WhiteCountry "USA"]
[BlackCountry "USA"]
[WhiteElo "1666"]
[WhiteRD "91"]
[BlackElo "1508"]
[BlackRD "57"]
[GameID "259056"]

1. e4 c5 2. Nf3 d6 3. d4 cxd4 4. Nxd4 Nf6 5. Nc3 g6 6. Bg5 Bg7 7. Bc4 O-O 8. h3 e6 9. Nf3 a6 10. Qe2 Nc6
11. O-O-O b5 12. Bb3 Bb7 13. Bf4 e5 14. Bg5 h6 15. Bxf6 Bxf6 16. a3 Rc8 17. Bd5 Na5 18. Qd3 Be7 19. Bxb7 Nxb7 20. b4 Qc7
21. Kb2 f5 22. Nd5 Qd7 23. Nb6 Qc7 24. Nxc8 Qxc8 25. Qd5+ Kg7 26. Rhe1 Bf6 27. Rd3 Qd7 28. Red1 Rd8 29. Rc3 g5 30. Rc6 a5
31. Rb6 axb4 32. Rxb7
1-0

[Event "Let's Go "]
[Site "SchemingMind.com"]
[Date "2010.09.12"]
[Round "-"]
[White "baobab"]
[Black "Olli Ylönen"]
[Result "1-0"]
[WhiteCountry "ITA"]
[BlackCountry "FIN"]
[WhiteElo "1616"]
[WhiteRD "94"]
[BlackElo "1475"]
[BlackRD "56"]
[GameID "259670"]

1. d4 d5 2. c4 dxc4 3. e3 Nf6 4. Bxc4 e6 5. a3 c5 6. Nf3 a6 7. Nc3 b5 8. Be2 Bb7 9. O-O Nbd7 10. b3 cxd4
11. Nxd4 Rc8 12. Bb2 Be7 13. b4 O-O 14. Bf3 Bxf3 15. Nxf3 h6 16. Qb3 Kh8 17. Rfd1 Qc7 18. Rac1 Qb8 19. h3 g5 20. Nd4 g4
21. Nxe6 fxe6 22. Qxe6 gxh3 23. g3 Ne5 24. Qxe7 Nf3+ 25. Kh1 Rc6 26. Nd5 Rxc1 27. Rxc1 Kg8 28. Nxf6+ Rxf6 29. Qxf6 Qb7 30. Qh8+
1-0

[Event "Let's Go "]
[Site "SchemingMind.com"]
[Date "2010.09.12"]
[Round "-"]
[White "Olli Ylönen"]
[Black "baobab"]
[Result "0-1"]
[WhiteCountry "FIN"]
[BlackCountry "ITA"]
[WhiteElo "1475"]
[WhiteRD "56"]
[BlackElo "1616"]
[BlackRD "94"]
[GameID "259677"]

1. e4 Nc6 2. Nf3 e5 3. Bb5 a6 4. Ba4 Nf6 5. O-O Bc5 6. c3 O-O 7. d4 exd4 8. cxd4 Ba7 9. e5 Nd5 10. Bb3 Nde7
11. d5 Na5 12. Bc2 Nc4 13. Qd3 Ng6 14. Qxc4 Re8 15. Bxg6 hxg6 16. Nc3 c5 17. dxc6 dxc6 18. Bg5 Qb6 19. Na4 Qc7 20. Rfe1 b5
21. Qb3 bxa4 22. Qxa4 Bd7 23. Qxa6 Bxf2+
0-1

[Event "Let's Go "]
[Site "SchemingMind.com"]
[Date "2010.09.12"]
[Round "-"]
[White "jarkus"]
[Black "stimut"]
[Result "0-1"]
[WhiteCountry "POL"]
[BlackCountry "AUS"]
[WhiteElo "1665"]
[WhiteRD "76"]
[BlackElo "1666"]
[BlackRD "108"]
[GameID "259922"]

1. e4 c5 2. Nf3 g6 3. d4 cxd4 4. Nxd4 Nc6 5. Nc3 Bg7 6. Bc4 Nxd4 7. Ne2 Nxe2 8. Qxe2 d6 9. Bb5+ Bd7 10. c3 Nf6
11. O-O O-O 12. e5 dxe5 13. Qxe5 Nh5 14. Qe2 a6 15. Bxd7 Qxd7 16. Rd1 Qc7 17. g3 Rfd8 18. Rd3 Rxd3 19. Qxd3 Rd8 20. Qe2 Qe5
21. Kf1 Qxe2+ 22. Kxe2 f5 23. Bg5 Bf6 24. Bxf6 Nxf6 25. a4 Ne4 26. Ra3 Rd2+ 27. Kf3 Rxb2
0-1

[Event "Let's Go "]
[Site "SchemingMind.com"]
[Date "2010.09.12"]
[Round "-"]
[White "stimut"]
[Black "jarkus"]
[Result "1-0"]
[WhiteCountry "AUS"]
[BlackCountry "POL"]
[WhiteElo "1666"]
[WhiteRD "108"]
[BlackElo "1665"]
[BlackRD "76"]
[GameID "259931"]

1. d4 Nf6 2. Bf4 g6 3. e3 e6 4. Bd3 Bg7 5. Nf3 O-O 6. Nbd2 d5 7. h4 Nbd7 8. g4 Nxg4 9. h5 gxh5 10. Rxh5 Ngf6
11. Bg5 Qe8 12. Bxf6 Nxf6 13. Rh4 h6 14. Qe2 b6 15. O-O-O Nd7 16. Rg1 f5 17. Rxh6 Rf6 18. Rh7 Kxh7 19. Ng5+ Kg8 20. f3 Rg6
21. Qh2 Bh6 22. f4 Qe7 23. Qh5 Nf8 24. Ndf3 Qe8 25. Ne5 Bg7 26. Nxg6 Qxg6 27. Qh2 a5 28. Ne4 Qh7 29. Nf6+
1-0

[Event "Let's Go "]
[Site "SchemingMind.com"]
[Date "2010.09.18"]
[Round "-"]
[White "dudu0815"]
[Black "maro"]
[Result "0-1"]
[WhiteCountry "BRA"]
[BlackCountry "MEX"]
[WhiteElo "940"]
[WhiteRD "112"]
[BlackElo "1304"]
[BlackRD "54"]
[GameID "260281"]

1. e4 e5 2. Nf3 Nc6 3. d4 Nxd4 4. Bb5 Nxb5 5. O-O Bc5 6. Qd2 h6 7. Nxe5 Qe7 8. Qf4 Nd6 9. a3 f6 10. Ng6 Qe6
0-1

[Event "Let's Go "]
[Site "SchemingMind.com"]
[Date "2010.09.15"]
[Round "-"]
[White "maro"]
[Black "dudu0815"]
[Result "1-0"]
[WhiteCountry "MEX"]
[BlackCountry "BRA"]
[WhiteElo "1304"]
[WhiteRD "54"]
[BlackElo "940"]
[BlackRD "112"]
[GameID "260288"]

1. d4 d5 2. e4 Nf6 3. e5 Ne4 4. Be3 b6 5. Bb5+ Bd7 6. Bxd7+ Nxd7 7. Nf3 e6 8. O-O Bb4 9. c3 Ba5 10. b4 O-O
11. bxa5
1-0

[Event "Let's Go "]
[Site "SchemingMind.com"]
[Date "2010.09.20"]
[Round "-"]
[White "cnile"]
[Black "elziario"]
[Result "1-0"]
[WhiteCountry "SCO"]
[BlackCountry "ITA"]
[WhiteElo "1433"]
[WhiteRD "69"]
[BlackElo "1442"]
[BlackRD "120"]
[GameID "260360"]

1. e4 e5 2. Nf3 Nc6 3. Bb5 Qf6 4. c3 a6 5. Ba4 b5 6. Bb3 Bd6 7. O-O Na5 8. Bc2 Bb7 9. Re1 c5 10. d4 c4
11. Bg5 Qg6 12. Nbd2 h6 13. Bh4 Nc6 14. Nf1 exd4 15. Nxd4
1-0

[Event "Let's Go "]
[Site "SchemingMind.com"]
[Date "2010.09.19"]
[Round "-"]
[White "elziario"]
[Black "cnile"]
[Result "0-1"]
[WhiteCountry "ITA"]
[BlackCountry "SCO"]
[WhiteElo "1442"]
[WhiteRD "120"]
[BlackElo "1433"]
[BlackRD "69"]
[GameID "260369"]

1. e4 e6 2. d4 d5 3. e5 c5 4. Nf3 Nc6 5. Bb5 Bd7 6. Bg5 Qa5+ 7. Bd2 Qxb5 8. b3 Nge7 9. a4 Qb6 10. Ng5 Nf5
11. Qf3 Ncxd4 12. Qd3 Be7 13. O-O Nc6 14. a5 Qc7 15. Nc3 Nxe5
0-1

[Event "Let's Go "]
[Site "SchemingMind.com"]
[Date "2010.09.23"]
[Round "-"]
[White "Harold"]
[Black "Clive Everill"]
[Result "0-1"]
[WhiteCountry "GBR"]
[BlackCountry "CZE"]
[WhiteElo "1516"]
[WhiteRD "88"]
[BlackElo "1707"]
[BlackRD "50"]
[GameID "261207"]

1. e4 Nc6 2. d4 d5 3. e5 Bf5 4. Nf3 f6 5. Bb5 e6 6. O-O Ne7 7. c3 a6 8. Ba4 b5 9. Bb3 Ng6 10. Re1 Be7
11. Bc2 Bg4 12. Nbd2 Nf4 13. Nf1 Nh5 14. h3 Bxf3 15. Qxf3 g6 16. Bh6 Kd7 17. g4 fxe5 18. gxh5 gxh5 19. Qxh5 Rg8+ 20. Kh2 exd4
21. Bxh7 Rh8 22. Bf4 Qf8 23. Kg3 Qg7+ 24. Kf3 Rxh7 25. Qg4 Qxg4+ 26. hxg4 dxc3 27. bxc3 Rf8 28. Kg3 Bh4+ 29. Kf3 Rhf7 30. Re2 Rxf4+
31. Ke3 Bxf2+ 32. Kd3 Rxg4 33. Ne3 Bxe3 34. Rxe3 d4 35. cxd4 Rxd4+ 36. Kc3 Rff4 37. Rae1 b4+ 38. Kb3 Na5+ 39. Ka4 b3+ 40. Ka3 Nc4+
41. Kxb3 Nxe3 42. Rxe3 c5
0-1

[Event "Let's Go "]
[Site "SchemingMind.com"]
[Date "2010.09.23"]
[Round "-"]
[White "Aamaroun"]
[Black "childescar"]
[Result "0-1"]
[WhiteCountry "CZE"]
[BlackCountry "FRA"]
[WhiteElo "1383"]
[WhiteRD "87"]
[BlackElo "1390"]
[BlackRD "74"]
[GameID "261210"]

1. e4 e5 2. Nf3 Nc6 3. b3 Nf6 4. d3 Bb4+ 5. Nbd2 O-O 6. Bb2 d6 7. g3 Bg4 8. Bg2 Re8 9. O-O Nd4 10. Bxd4 exd4
11. a3 Ba5 12. b4 Bb6 13. Qc1 c5 14. bxc5 dxc5 15. Nc4 Bc7 16. Qb2 b6 17. Rfe1 b5 18. Qxb5 Nd7 19. Ng5 a6 20. Qa4 Nb6
21. Qb3 Qxg5 22. e5 Nxc4 23. Qxc4 Rxe5 24. Bxa8 Rxe1+ 25. Rxe1 g6 26. Qxa6 Qd2 27. Re8+ Kg7 28. Qc4 Bh3 29. f3 Qg2#
0-1

[Event "Let's Go "]
[Site "SchemingMind.com"]
[Date "2010.09.23"]
[Round "-"]
[White "Shell"]
[Black "tom claxton"]
[Result "1-0"]
[WhiteCountry "ENG"]
[BlackCountry "ENG"]
[WhiteElo "1272"]
[WhiteRD "74"]
[BlackElo "1386"]
[BlackRD "68"]
[GameID "261211"]

1. d4 f5 2. g3 Nf6 3. Bg2 d6 4. Nf3 Nc6 5. Nc3 e5 6. Bg5 f4 7. gxf4 exd4 8. Nxd4 Nxd4 9. e3 Nf5 10. e4 Ne7
11. O-O Ng4 12. h3 Nf6 13. f5 Bd7 14. e5 Nfg8 15. e6 Bc8 16. Qh5+ g6 17. fxg6 hxg6 18. Qxh8 Bxe6 19. Bxb7 Bxh3 20. Rfe1 Rb8
21. Bc6+ Kf7 22. Qh7+ Bg7 23. Qxh3 Bf6 24. Qh7+ Bg7 25. Bd5+ Kf8 26. Rxe7 Nxe7 27. Bh6 Bxh6 28. Qh8+ Ng8 29. Qxg8+ Ke7 30. Qf7#
1-0

[Event "Let's Go "]
[Site "SchemingMind.com"]
[Date "2010.09.23"]
[Round "-"]
[White "Clive Everill"]
[Black "Harold"]
[Result "1-0"]
[WhiteCountry "CZE"]
[BlackCountry "GBR"]
[WhiteElo "1707"]
[WhiteRD "50"]
[BlackElo "1516"]
[BlackRD "88"]
[GameID "261214"]

1. e4 e5 2. Nc3 Nf6 3. f4 d5 4. fxe5 Nxe4 5. Qf3 f5 6. Nh3 Nc6 7. Bb5 Qh4+ 8. Kf1 Bc5 9. Bxc6+ bxc6 10. d3 O-O
11. Nf4 g5 12. Nfe2 Ba6 13. g3 Qh3+ 14. Qg2 Qxg2+ 15. Kxg2 Nxc3 16. Nxc3 h6 17. Na4 Bd4 18. e6 Rfe8 19. c3 Bf6 20. Nc5 Bc8
21. Re1 d4 22. c4 Rb8 23. b3 Be7 24. Nd7 Rb7 25. Bb2 Bb4 26. Rf1 Rxe6 27. Bxd4 Bxd7 28. a3 Bd6 29. b4 c5 30. bxc5 Bxc5
31. Bxc5 Bc6+ 32. Kg1 Re2 33. Rxf5 Rg2+ 34. Kf1 Rxh2 35. Rf8+ Kg7 36. Re1 Rh1+ 37. Ke2 Rb2+ 38. Kd1 Rb1+ 39. Kc2 Rbxe1 40. Rc8 Ba4+
41. Kc3 c6 42. Rc7+ Kg6 43. Rxa7 Rc1+ 44. Kb4 Bc2 45. Rd7 Rh3 46. g4 Rxd3 47. Bd4 Rcd1 48. Rg7#
1-0

[Event "Let's Go "]
[Site "SchemingMind.com"]
[Date "2010.09.23"]
[Round "-"]
[White "childescar"]
[Black "Aamaroun"]
[Result "1-0"]
[WhiteCountry "FRA"]
[BlackCountry "CZE"]
[WhiteElo "1390"]
[WhiteRD "74"]
[BlackElo "1383"]
[BlackRD "87"]
[GameID "261217"]

1. e4 e5 2. Nf3 Nc6 3. Bb5 Nge7 4. b3 d6 5. O-O d5 6. d3 dxe4 7. dxe4 Qxd1 8. Rxd1 Bg4 9. h3 Bxf3 10. gxf3 a6
11. Bc4 Nd4 12. Na3 Nxf3+ 13. Kh1 Ng6 14. Be2 Nd4 15. Bc4 O-O-O 16. c3 Nc6 17. Rxd8+ Kxd8 18. Bxf7 Bc5 19. Be3 Bxa3 20. Bg5+ Nge7
21. Rd1+ Kc8 22. b4 Rf8 23. Be6+ Kb8 24. Kg2 Bb2 25. Bd2 Nd8 26. Bg4 Ng6 27. Rb1 Nh4+ 28. Kf1 Nf3 29. Rxb2 Nh2+ 30. Kg2 Nxg4
31. hxg4 Ne6 32. f3 g6 33. Be3 Rf7 34. Rf2 Rd7 35. a4 Rd3 36. Bd2 Nf8 37. Kf1 Nd7 38. Ke2 Rd6 39. f4 Re6 40. fxe5 Rxe5
41. Ke3 Nb6 42. Rf7 Nxa4 43. Rxh7 Re6 44. Kf4 Rd6 45. Ke3 Nb2 46. e5 Nc4+ 47. Ke2 Nxe5 48. Bf4 Re6 49. Be3 Nxg4 50. Rh8+ Re8
51. Rxe8#
1-0

[Event "Let's Go "]
[Site "SchemingMind.com"]
[Date "2010.09.23"]
[Round "-"]
[White "tom claxton"]
[Black "Shell"]
[Result "1-0"]
[WhiteCountry "ENG"]
[BlackCountry "ENG"]
[WhiteElo "1386"]
[WhiteRD "68"]
[BlackElo "1272"]
[BlackRD "74"]
[GameID "261218"]

1. e4 e5 2. Nf3 Nf6 3. Nc3 Nc6 4. Bc4 Nxe4 5. Nxe4 d5 6. Bd3 dxe4 7. Bxe4 Bd6 8. O-O O-O 9. d3 Bg4 10. h3 Be6
11. Ng5 Bd7 12. Nxh7 Re8 13. Bg5 f6 14. Bh4 Nd4 15. Qh5 Bc5 16. c3 Nc2 17. Bxf6 Be7 18. Bxe7 Qxe7 19. Bg6 Nxa1 20. Bf7+ Kh8
21. Nf6#
1-0

[Event "Let's Go "]
[Site "SchemingMind.com"]
[Date "2010.10.18"]
[Round "-"]
[White "Shell"]
[Black "maro"]
[Result "0-1"]
[WhiteCountry "ENG"]
[BlackCountry "MEX"]
[WhiteElo "1287"]
[WhiteRD "77"]
[BlackElo "1353"]
[BlackRD "52"]
[GameID "263979"]

1. d4 d5 2. c4 dxc4 3. Nf3 Nf6 4. e3 e6 5. Bxc4 Bd6 6. Nc3 Ng4 7. O-O O-O 8. a3 Nc6 9. Ne4 Nf6 10. Nc3 a6
11. e4 e5 12. d5 Na5 13. Be2 b5 14. b4 Nc4 15. a4 Bxb4 16. Qe1 Nd6 17. Nxe5 Nfxe4 18. Nc6 Qf6 19. f3 Bc5+ 20. Kh1 Ng5
21. axb5 Bd4 22. f4 Nge4 23. g4 Bxc3 24. Bd2 Bxa1 25. g5 Qb2 26. Qxa1 Qxd2 27. Bf3 Nf2+ 28. Kg1 Nh3+ 29. Kh1 Qxf4 30. Ne7+ Kh8
31. Bg2 Qxg5 32. Nxc8 Rfxc8 33. Bxh3 axb5 34. Qb2 Re8 35. Bg2 Nc4 36. Qf2 Ne3 37. Rg1 Ng4 38. Qg3 Re2 39. d6 Nf2+ 40. Qxf2 Rxf2
41. Bxa8 Qd2 42. Bg2 cxd6 43. h4 Qh6 44. Bh3 Qxh4 45. Rg4 Qxh3+ 46. Kg1 Qh2#
0-1

[Event "Let's Go "]
[Site "SchemingMind.com"]
[Date "2010.10.18"]
[Round "-"]
[White "maro"]
[Black "Shell"]
[Result "0-1"]
[WhiteCountry "MEX"]
[BlackCountry "ENG"]
[WhiteElo "1353"]
[WhiteRD "52"]
[BlackElo "1287"]
[BlackRD "77"]
[GameID "263987"]

1. d4 d5 2. c4 e6 3. c5 Nc6 4. Nf3 Nf6 5. Nc3 b6 6. cxb6 axb6 7. a3 Bd6 8. e3 O-O 9. Bd3 Ne7 10. O-O c5
11. dxc5 bxc5 12. Nb5 c4 13. Bc2 Ba6 14. Ba4 Ne4 15. b4 Bb7 16. Nxd6 Qxd6 17. g3 Nc3 18. Qc2 Nxa4 19. Ng5 g6 20. Rd1 f6
21. Nf3 d4 22. Rxd4 Nd5 23. Qxc4 Ba6 24. Qb3 e5 25. Rxd5 Qe6 26. Qd1 Nc3 27. Qd2 Bc4 28. Rc5 Ne4 29. Qc2 Nxc5 30. bxc5 Bd5
31. Ne1 f5 32. Rb1 Rfc8 33. Rb4 e4 34. Ng2 h5 35. a4 Qe7 36. Nf4 Qf7 37. Rd4 Bb3 38. Qc3 g5 39. Nxh5 Rab8 40. Nf6+ Qxf6
41. Qa5 f4 42. Rd6 Qa1 43. Rg6+ Kh7 44. Rxg5 Qxc1+ 45. Kg2 f3+ 46. Kh3 Be6+ 47. g4 Qf1+ 48. Kh4 Qxf2+ 49. Kh5 Qxh2#
0-1

[Event "Let's Go "]
[Site "SchemingMind.com"]
[Date "2010.10.30"]
[Round "-"]
[White "stimut"]
[Black "lemme howdt"]
[Result "1-0"]
[WhiteCountry "AUS"]
[BlackCountry "USA"]
[WhiteElo "1749"]
[WhiteRD "92"]
[BlackElo "1623"]
[BlackRD "75"]
[GameID "264966"]

1. d4 d5 2. Bf4 Nf6 3. e3 Nc6 4. c3 Bf5 5. Nf3 e6 6. Bd3 Bxd3 7. Qxd3 Be7 8. Nbd2 O-O 9. h4 Nh5 10. Ng5 Bxg5
11. hxg5 g6 12. g4 Nxf4 13. exf4 a6 14. O-O-O Qd7 15. Qh3 f5 16. gxf6 Rxf6 17. Nf3 Rxf4 18. Ng5 Rxf2 19. Nxh7 Kf7 20. Ng5+ Ke7
21. Rdf1 Rxf1+ 22. Rxf1 Kd8 23. Rf8+
1-0

[Event "Let's Go "]
[Site "SchemingMind.com"]
[Date "2010.10.30"]
[Round "-"]
[White "lemme howdt"]
[Black "stimut"]
[Result "0-1"]
[WhiteCountry "USA"]
[BlackCountry "AUS"]
[WhiteElo "1623"]
[WhiteRD "75"]
[BlackElo "1749"]
[BlackRD "92"]
[GameID "264972"]

1. e4 e5 2. Nf3 Nc6 3. Bc4 Nf6 4. d3 Bc5 5. Bg5 h6 6. Bh4 d6 7. h3 Na5 8. c3 Nxc4 9. dxc4 g5 10. Bg3 Nxe4
11. b4 Bb6 12. Qd5 f5 13. O-O Nxg3 14. Rd1 Ne2+ 15. Kh2 Bxf2 16. Rd2 Nf4 17. Qb5+ c6 18. Qa4 g4 19. Nxe5 Qh4
0-1

[Event "Let's Go "]
[Site "SchemingMind.com"]
[Date "2010.11.30"]
[Round "-"]
[White "childescar"]
[Black "Clive Everill"]
[Result "1-0"]
[WhiteCountry "FRA"]
[BlackCountry "CZE"]
[WhiteElo "1410"]
[WhiteRD "78"]
[BlackElo "1684"]
[BlackRD "49"]
[GameID "268023"]

1. e4 Nc6 2. Bb5 e5 3. Nf3 g6 4. d3 Bg7 5. O-O Nge7 6. Bg5 h6 7. Bh4 O-O 8. Nc3 a6 9. Ba4 d6 10. h3 b5
11. Bb3 g5 12. Bg3 Kh7 13. Nd5 Ng6 14. a4 b4 15. c3 f5 16. exf5 Bxf5 17. Ne3 Bd7 18. Bc2 bxc3 19. bxc3 e4 20. dxe4 Bxc3
21. Ra3 Bb4 22. Rb3 a5 23. Re1 Qf6 24. Nd5 Qf7 25. Nxb4 Nxb4 26. Bb1 Bxa4 27. Nxg5+ hxg5 28. Qh5+ Kg7 29. Rc3 Qe7 30. e5 Be8
31. h4 Nxh4 32. Qh7#
1-0

[Event "Let's Go "]
[Site "SchemingMind.com"]
[Date "2010.11.29"]
[Round "-"]
[White "Clive Everill"]
[Black "childescar"]
[Result "1-0"]
[WhiteCountry "CZE"]
[BlackCountry "FRA"]
[WhiteElo "1684"]
[WhiteRD "49"]
[BlackElo "1410"]
[BlackRD "78"]
[GameID "268027"]

1. e4 e5 2. Nc3 Nc6 3. f4 exf4 4. Nf3 g5 5. d4 g4 6. Bc4 gxf3 7. Qxf3 Qh4+ 8. g3 Nxd4 9. Qd3 fxg3 10. Qxd4 gxh2+
11. Kd2 Qf6 12. Qe3 h5 13. Qe2 Qg5+ 14. Kd3 Qg3+ 15. Be3 Nf6 16. Nd5 Nxd5 17. Bxd5 d6 18. Raf1 b6 19. Bxa8 Ba6+ 20. c4 b5
21. Bd5 Bh6 22. Bxf7+ Ke7 23. Qf3 bxc4+ 24. Bxc4 Bxc4+ 25. Kxc4 Qg8+ 26. Kd3 Qxa2 27. Qf6+ Kd7 28. Bxh6
1-0

[Event "Let's Go "]
[Site "SchemingMind.com"]
[Date "2010.12.04"]
[Round "-"]
[White "cnile"]
[Black "baobab"]
[Result "0-1"]
[WhiteCountry "SCO"]
[BlackCountry "ITA"]
[WhiteElo "1411"]
[WhiteRD "62"]
[BlackElo "1623"]
[BlackRD "83"]
[GameID "268285"]

1. d4 c5 2. d5 Nf6 3. c4 d6 4. Nc3 a6 5. e4 Bd7 6. Nf3 e6 7. Nd2 b5 8. b3 Be7 9. Be2 O-O 10. O-O Qb6
11. Re1 exd5 12. exd5 b4 13. Nce4 Bf5 14. Bf3 Re8 15. Nxf6+ gxf6 16. Nf1 Nd7 17. Bh6 Bg6 18. Qc1 Ne5 19. Be4 Bf8 20. Ng3 Ng4
21. Bxf8 Kxf8 22. Qf4 Ne5 23. Bxg6 Nxg6 24. Qxf6 Qd8 25. Rxe8+ Kxe8 26. Re1+ Kf8 27. h4 Qxf6 28. Nh5 Qxh4
0-1

[Event "Let's Go "]
[Site "SchemingMind.com"]
[Date "2010.12.04"]
[Round "-"]
[White "baobab"]
[Black "cnile"]
[Result "1-0"]
[WhiteCountry "ITA"]
[BlackCountry "SCO"]
[WhiteElo "1623"]
[WhiteRD "83"]
[BlackElo "1411"]
[BlackRD "62"]
[GameID "268290"]

1. d4 Nf6 2. Nc3 d5 3. Bf4 Bf5 4. Nb5 Na6 5. e3 c6 6. Nc3 Nb4 7. Rc1 e6 8. a3 Na6 9. Bd3 Bxd3 10. Qxd3 Nc7
11. Nf3 Bd6 12. Bg5 h6 13. e4 dxe4 14. Nxe4 hxg5 15. Nexg5 Ncd5 16. O-O Qc7 17. h3 Nf4 18. Qd2 N6d5 19. c4 f6 20. Ne4 Nxh3+
21. gxh3 Rxh3 22. cxd5 O-O-O 23. dxc6 Bh2+ 24. Kg2 Rdh8 25. cxb7+ Kxb7 26. Rxc7+ Bxc7 27. Qb4+ Ka8 28. Qb5 R8h4 29. Nxh4 Rh2+ 30. Kf3
1-0

[Event "Let's Go "]
[Site "SchemingMind.com"]
[Date "2010.12.20"]
[Round "-"]
[White "Clive Everill"]
[Black "Shell"]
[Result "1-0"]
[WhiteCountry "CZE"]
[BlackCountry "ENG"]
[WhiteElo "1689"]
[WhiteRD "50"]
[BlackElo "1256"]
[BlackRD "73"]
[GameID "270497"]

1. e4 e5 2. Nc3 Nf6 3. f4 Bd6 4. Nf3 Nc6 5. Bc4 O-O 6. fxe5 Nxe5 7. d4 Nxf3+ 8. Qxf3 c6 9. O-O b5 10. Bb3 a5
11. a3 Ba6 12. Re1 c5 13. e5 Be7 14. exf6 Bxf6 15. dxc5 a4 16. Bd5 Rc8 17. Ne4 Bh4 18. g3 Be7 19. Be3 b4 20. axb4 Kh8
21. Rxa4 Qe8 22. Rxa6 f5 23. Nc3 g5 24. Bd4+ Bf6 25. Rxe8 Bxd4+ 26. Kg2 g4 27. Rxf8+ Rxf8 28. Ra8 gxf3+ 29. Kxf3 Kg7 30. Rxf8 Kxf8
31. Na4 h5 32. Kf4 h4 33. gxh4 Kg7 34. Kxf5 Bf6 35. b5 Bxh4 36. b6
1-0

[Event "Let's Go "]
[Site "SchemingMind.com"]
[Date "2010.12.20"]
[Round "-"]
[White "Shell"]
[Black "Clive Everill"]
[Result "0-1"]
[WhiteCountry "ENG"]
[BlackCountry "CZE"]
[WhiteElo "1256"]
[WhiteRD "73"]
[BlackElo "1689"]
[BlackRD "50"]
[GameID "270502"]

1. d4 f5 2. Nf3 Nf6 3. Nc3 g6 4. e3 Bg7 5. Bc4 d5 6. Bb3 O-O 7. O-O c6 8. Ne5 Nbd7 9. Nxd7 Bxd7 10. f3 Ne8
11. e4 fxe4 12. f4 Nd6 13. Ne2 Nf5 14. c4 e6 15. c5 Qf6 16. g3 Nxd4 17. Nxd4 Qxd4+ 18. Qxd4 Bxd4+ 19. Kh1 Bxc5 20. g4 Bd6
21. f5 exf5 22. gxf5 Bxf5 23. Bh6 Rfe8 24. h4 Bg4 25. Bc2 Bf3+ 26. Kg1 Re5 27. a3 Rh5 28. Be3 Rxh4 29. b4 Rf8 30. b5 Rf5
31. Bxa7 Rg5+ 32. Kf2 Rg2+ 33. Ke3 Re2+ 34. Kd4 Rxc2 35. bxc6 bxc6 36. Rab1 Rc4+ 37. Ke3 Bf4+ 38. Kf2 Rc2+ 39. Kg1 Rg2#
0-1

[Event "Let's Go "]
[Site "SchemingMind.com"]
[Date "2011.01.19"]
[Round "-"]
[White "baobab"]
[Black "stimut"]
[Result "1-0"]
[WhiteCountry "ITA"]
[BlackCountry "AUS"]
[WhiteElo "1635"]
[WhiteRD "72"]
[BlackElo "1651"]
[BlackRD "86"]
[GameID "273583"]

1. d4 g6 2. e4 Bg7 3. Nf3 Nf6 4. Nc3 d6 5. Bc4 Bg4 6. Qd3 Bxf3 7. Qxf3 Nc6 8. Be3 O-O 9. O-O e5 10. Rad1 exd4
11. Bxd4 Nxd4 12. Rxd4 Ng4 13. Rd2 Qh4 14. h3 Ne5 15. Qe2 Qf4 16. Nd5 Qh6 17. f4 Nc6 18. c3 Kh8 19. Nxc7 Rad8 20. Nb5 Na5
21. Bd5 a6 22. Nd4 Rde8 23. Qg4 Re7 24. Rdf2 Bxd4 25. cxd4 f5 26. exf5 Rxf5 27. Qf3
1-0

[Event "Let's Go "]
[Site "SchemingMind.com"]
[Date "2011.01.19"]
[Round "-"]
[White "stimut"]
[Black "baobab"]
[Result "1-0"]
[WhiteCountry "AUS"]
[BlackCountry "ITA"]
[WhiteElo "1759"]
[WhiteRD "98"]
[BlackElo "1604"]
[BlackRD "78"]
[GameID "273590"]

1. d4 Nf6 2. Bf4 Nc6 3. Nf3 d6 4. e3 a6 5. c3 b5 6. Bd3 Bg4 7. Nbd2 e6 8. h3 Bh5 9. g4 Bg6 10. Bxg6 hxg6
11. Bg5 Be7 12. Qe2 Nd5 13. Bf4 Qb8 14. h4 O-O 15. h5 gxh5 16. Rxh5 e5 17. dxe5 dxe5 18. Nxe5 Nxe5 19. Rxe5 Qb7 20. Qf3 c6
21. Qh3 Nf6 22. O-O-O b4 23. Rh1 Nh5 24. Rxh5 f6 25. Rh8+ Kf7 26. Qh5+ Ke6 27. Qf5+ Kf7 28. g5 Rxh8 29. g6+
1-0

[Event "Let's Go "]
[Site "SchemingMind.com"]
[Date "2011.03.10"]
[Round "-"]
[White "baobab"]
[Black "Clive Everill"]
[Result "0-1"]
[WhiteCountry "ITA"]
[BlackCountry "CZE"]
[WhiteElo "1585"]
[WhiteRD "72"]
[BlackElo "1689"]
[BlackRD "54"]
[GameID "277646"]

1. d4 d5 2. c4 c6 3. Nc3 f5 4. e3 Nf6 5. Qc2 e6 6. a3 Be7 7. Nf3 Nbd7 8. b4 a6 9. Be2 O-O 10. Bb2 Ne4
11. Nxe4 fxe4 12. Nd2 b5 13. cxd5 exd5 14. O-O Qc7 15. Rfc1 Bb7
0-1

[Event "Let's Go "]
[Site "SchemingMind.com"]
[Date "2011.03.10"]
[Round "-"]
[White "Clive Everill"]
[Black "baobab"]
[Result "1-0"]
[WhiteCountry "CZE"]
[BlackCountry "ITA"]
[WhiteElo "1689"]
[WhiteRD "54"]
[BlackElo "1585"]
[BlackRD "72"]
[GameID "277649"]

1. e4 d5 2. exd5 c6 3. dxc6 Nxc6 4. Nf3 Qb6 5. d4 Nf6 6. b3 e6 7. c3 Bd7 8. Be3 Qc7 9. Bd3 Bd6 10. h3 O-O
11. O-O Rfe8 12. Qc2 Rad8 13. c4 Na5 14. c5 Be7 15. b4
1-0